| 000 | 00544nam a2200193Ia 4500 | ||
|---|---|---|---|
| 003 | OSt | ||
| 005 | 20191212135140.0 | ||
| 008 | 190216s9999||||xx |||||||||||||| ||und|| | ||
| 020 | _a9780198062301 | ||
| 040 | _coclc | ||
| 082 |
_a338.5 _bSAL/P |
||
| 100 |
_aSalvatore, Dominick _9459 |
||
| 245 | 0 |
_aPrinciples Of Microeconomics / _cDominick Salvatore |
|
| 250 | _a5th | ||
| 260 |
_bOxford University Press, _c2009. _aDelhi: |
||
| 300 | _a633p | ||
| 650 | _aEconomics | ||
| 942 |
_cBK _2ddc _h338.5 _iSAL/P _k338.5 _mSAL/P |
||
| 999 |
_c11091 _d11091 |
||